Catholic University of Zimbabwe Library
Online Public Access Catalogue
(OPAC)

Selected Aspects of the 2013 Zimbabwean Constitution and Declaration of Rights/ (Record no. 44542)

MARC details
000 -LEADER
fixed length control field 00713nam a22002057a 4500
008 - FIXED-LENGTH DATA ELEMENTS--GENERAL INFORMATION
fixed length control field 220826b |||||||| |||| 00| 0 eng d
020 ## - INTERNATIONAL STANDARD BOOK NUMBER
International Standard Book Number 9789186910389
040 ## - CATALOGING SOURCE
Original cataloging agency UZ
Language of cataloging eng
Transcribing agency CUZ
Description conventions rda
050 ## - LIBRARY OF CONGRESS CALL NUMBER
Classification number KQ18
Item number SEL
110 1# - MAIN ENTRY--CORPORATE NAME
Corporate name or jurisdiction name as entry element Raoul Wallenberg Institute
245 10 - TITLE STATEMENT
Title Selected Aspects of the 2013 Zimbabwean Constitution and Declaration of Rights/
Statement of responsibility, etc. edited by Admark Moyo.
264 ## - PRODUCTION, PUBLICATION, DISTRIBUTION, MANUFACTURE, AND COPYRIGHT NOTICE
Place of production, publication, distribution, manufacture Lund, Sweden :
Name of producer, publisher, distributor, manufacturer Raoul Wallenberg Institute of Human Rights ;
Date of production, publication, distribution, manufacture, or copyright notice 2019.
300 ## - PHYSICAL DESCRIPTION
Extent vii, 279 pages ,
Dimensions 23cm.
650 04 - SUBJECT ADDED ENTRY--TOPICAL TERM
Topical term or geographic name entry element Constitutional rights -- Zimbabwe
942 ## - ADDED ENTRY ELEMENTS (KOHA)
Koha item type OS Book
336 ## - CONTENT TYPE
Content type term text
Content type code txt
337 ## - MEDIA TYPE
Media type term unmediated
Media type code n
338 ## - CARRIER TYPE
Source rdacarrier
Holdings
Withdrawn status Lost status Source of classification or shelving scheme Damaged status Not for loan Collection code Home library Current library Shelving location Date acquired Source of acquisition Inventory number Total Checkouts Full call number Barcode Date last seen Date last checked out Price effective from Koha item type
          Non-fiction CUZ Harare Campus CUZ Harare Campus Fiction 26.08.2022 Donation CUZ14377 1 KQ18 SEL BK009254 10.03.2023 22.02.2023 26.08.2022 OS Book
          Non-fiction CUZ Harare Campus CUZ Harare Campus Fiction 26.08.2022 Donation CUZ14378   KQ18 SEL BK009252 22.05.2025   26.08.2022 OS Book
          Non-fiction CUZ Harare Campus CUZ Harare Campus Fiction 26.08.2022 Donation CUZ14381   KQ18 SEL BK009253 22.05.2025   26.08.2022 OS Book
          Non-fiction CUZ Harare Campus CUZ Harare Campus Fiction 26.08.2022 Donation CUZ14376   KQ18 SEL BK009251 22.05.2025   26.08.2022 OS Book

OPENING HOURS

Weekdays: 0815hrs - 1800hrs
Weekends:0900hrs - 1200hrs

Closed for Mass:

Mon, Thur: 1200hrs - 1300hrs
Sunday & Public Holiday’s

CALL SUPPORT

0242-570570, 0242-570169
09200664, +263 8644140602

LOCATION

18443, Cranborne Avenue, Hatfield, Harare

Other Links


©2021 | CUZ Library